Metódy generovania funkčných testov a triedenia výstupov automatického generovania testov procesorov

Enregistré dans:
Détails bibliographiques
Auteur principal: Prágai, Albert (Auteur)
Autres auteurs: Hudec, Ján (Directeur de thèse)
Format: Manuscrit Livre
Langue:slovaque
Publié: 2016
Sujets:
Accès en ligne:http://is.stuba.sk/zp/portal_zp.pl?podrobnosti=131345
Tags: Ajouter un tag
Pas de tags, Soyez le premier à ajouter un tag!

MARC

LEADER 00000ntm a22000003a 4500
001 stuzp58943
003 SK-STU
005 20160719155719.5
007 ta
008 150427s2015----xo-----f-mn---000-0-slo-d
040 |a STU  |b slo 
041 0 |a slo 
100 1 |a Prágai, Albert  |u 070400  |k Z4  |4 aut  |U FIIT Fakulta informatiky a informačných technológií  |T FIIT Ústav počítačového inžinierstva a aplikovanej informatiky  |X 46245  |U I400  |Y 672  |7 A000046245 
242 0 1 |a Functional test generation methods and output sorting automatized test  |y eng 
245 1 0 |a Metódy generovania funkčných testov a triedenia výstupov automatického generovania testov procesorov 
260 |c 2016 
650 4 |a generovaním funkčných testov procesorov  |2 slo 
650 4 |a genetický algoritmus  |2 slo 
650 4 |a evolučná stratégia  |2 slo 
650 4 |a evolutionary strategy  |2 eng 
650 4 |a functional tests generation  |2 eng 
650 4 |a genetic algorithm  |2 eng 
700 1 |a Hudec, Ján  |u 070400  |k Z1  |4 ths  |U FIIT Fakulta informatiky a informačných technológií  |T FIIT Ústav počítačového inžinierstva a aplikovanej informatiky  |X 1995  |U I400  |Y 672  |7 A000001995 
856 4 |u http://is.stuba.sk/zp/portal_zp.pl?podrobnosti=131345 
996 |b 8212  |c I* DIP 36/2016  |l II680  |s P  |a 0  |w stuzp58943_0001 
SQL |a stuzp58943  |b DDP  |c SLO  |d Metódy generovania funkčných testov a triedenia výstupov automatického generovania testov procesorov  |e 46245  |f Prágai, Albert  |g 070400  |h 1995  |i Hudec, Ján  |j 20160613  |k 211  |l 07  |m http://is.stuba.sk/zp/portal_zp.pl?podrobnosti=131345  |n I-SI2  |o 9.2.5. softvérové inžinierstvo